书目信息 |
| 题名: |
气候变化地球会改变什么?
|
|
| 作者: | 肖国举 , 张强 编著 | |
| 分册: | ||
| 出版信息: | 北京 气象出版社 2013.06 |
|
| 页数: | 208页 | |
| 开本: | 24cm | |
| 丛书名: | ||
| 单 册: | ||
| 中图分类: | X16-49 | |
| 科图分类: | ||
| 主题词: | 全球变暖--普及读物 , 全球变暖 | |
| 电子资源: | ||
| ISBN: | 978-7-5029-5726-1 | |
| 000 | 00974nam0 2200265 450 | |
| 001 | 006746541 | |
| 005 | 20140707105516.42 | |
| 010 | @a978-7-5029-5726-1@dCNY45.00 | |
| 100 | @a20130802d2013 em y0chiy0110 ea | |
| 101 | 0 | @achi |
| 102 | @aCN@b110000 | |
| 105 | @aa z 000yy | |
| 106 | @ar | |
| 200 | 1 | @a气候变化地球会改变什么?@9qi hou bian hua di qiu hui gai bian shen me ?@f肖国举,张强编著 |
| 210 | @a北京@c气象出版社@d2013.06 | |
| 215 | @a208页@c照片,图@d24cm | |
| 300 | @a“生态文明”科普读物 | |
| 330 | @a本书从全球变暖事实与假说、气候变化灾害与风险、动植物行为变化、冰川融化与海洋危害、粮食与水安全挑战、人类健康与人类文明、低碳时代与低碳生活等方面,汇集了科学界对全球变暖的基本认识和取得的最新研究成果。 | |
| 606 | 0 | @a全球变暖@j普及读物 |
| 606 | 0 | @a全球变暖 |
| 690 | @aX16-49@v5 | |
| 701 | 0 | @a肖国举@9xiao guo ju@f(1972~)@4编著 |
| 701 | 0 | @a张强@9zhang qiang@c(气候学)@4编著 |
| 801 | 0 | @aCN@bNLC@c20130823 |
| 905 | @b847378-80@dX16-49@e202@f3 | |
| 气候变化地球会改变什么?/肖国举,张强编著.-北京:气象出版社,2013.06 |
| 208页:照片,图;24cm |
| “生态文明”科普读物 |
| ISBN 978-7-5029-5726-1:CNY45.00 |
| 本书从全球变暖事实与假说、气候变化灾害与风险、动植物行为变化、冰川融化与海洋危害、粮食与水安全挑战、人类健康与人类文明、低碳时代与低碳生活等方面,汇集了科学界对全球变暖的基本认识和取得的最新研究成果。 |
| ● |
| 相关链接 |
|
|
|
|
正题名:气候变化地球会改变什么?
索取号:X16-49/202
 
预约/预借
| 序号 | 登录号 | 条形码 | 馆藏地/架位号 | 状态 | 备注 |
| 1 | 847378 | 208473784 | 第二样本阅览室/ [索取号:X16-49/202] | 在馆 | |
| 2 | 847379 | 208473793 | 密集书库-资源管理系/ [索取号:X16-49/202] | 在馆 | |
| 3 | 847380 | 208473800 | 第三借阅区/ [索取号:X16-49/202] | 在馆 |